Practicals in Community Medicine (Record no. 691)

MARC details
000 -LEADER
Fixed length control field 00588nam a2200205Ia 4500
003 - CONTROL NUMBER IDENTIFIER
Control field IIN
005 - DATE AND TIME OF LATEST TRANSACTION
Control field 20250521120109.0
008 - FIXED-LENGTH DATA ELEMENTS--GENERAL INFORMATION
Fixed length control field 231217s2016 xx ad 001 0 eng d
020 ## - INTERNATIONAL STANDARD BOOK NUMBER / ISBN
Price Rs.175.00
International Standard Book Number 9788181914491
040 ## - CATALOGING SOURCE
Original cataloging agency IIN
Language of cataloging English
082 ## - DEWEY DECIMAL CLASSIFICATION NUMBER
Classification number 362.10425
Book Number KUL
100 1# - MAIN ENTRY--PERSONAL NAME
Personal name Kulkarni, A.T.
245 #2 - TITLE STATEMENT
Title Practicals in Community Medicine
Sub title Clinico-social Case Studios & Spotters/
Statement of responsibility A.T. Kulkarni
260 ## - IMPRINT
Place of publication Hyderabad
Name of publisher Paras Medical
Date of publication 2016
300 ## - PHYSICAL DESCRIPTION
Page / Vol. No 148 p.
500 ## - GENERAL NOTE
General note Includes Index
650 1# - SUBJECT ADDED ENTRY--TOPICAL TERM
Topical term Community Health Nursing
650 1# - SUBJECT ADDED ENTRY--TOPICAL TERM
Topical term Medicine
Form subdivision Community
942 ## - ADDED ENTRY ELEMENTS (KOHA)
Koha item type Books
Holdings
Withdrawn status Lost status Source of classification Damaged status Not for loan Collection code Home library Current library Date acquired Price Total Checkouts Call number Accession number Date last seen Copy number Price effective from Koha item type Shelving location
    Dewey Decimal Classification       IDEAL INSTITUTE OF NURSING IDEAL INSTITUTE OF NURSING 17/12/2023 175.00   362.10425 KUL 686 17/12/2023 1 17/12/2023 Books  
    Dewey Decimal Classification       IDEAL INSTITUTE OF NURSING IDEAL INSTITUTE OF NURSING 17/12/2023 175.00   362.10425 KUL 687 17/12/2023 2 17/12/2023 Books  
    Dewey Decimal Classification       IDEAL INSTITUTE OF NURSING IDEAL INSTITUTE OF NURSING 17/12/2023 175.00   362.10425 KUL 688 17/12/2023 3 17/12/2023 Books  
    Dewey Decimal Classification     Purches Book IDEAL INSTITUTE OF NURSING IDEAL INSTITUTE OF NURSING 11/03/2025 175.00   362.10425 KUL 2048 21/05/2025 4 21/05/2025 Books General Stacks
© Ideal Institute Of Nursing, All rights reserved.         Powered by Koha